| 000 | 00961nam a2200265 4500 | ||
|---|---|---|---|
| 001 | 44887 | ||
| 010 | _a97898998504194 | ||
| 021 | _b353832/13 | ||
| 090 | _a44887 | ||
| 100 | _a20130621d2013 m y0pory50030103ba | ||
| 101 | 1 | _aporeng | |
| 102 | _aPT | ||
| 200 | 1 |
_aEducacão e vida urbana _fCongresso da Associação Internacional das Cidades Educadoras _e20 anos de cidades educadoras _gEulália Bosh... [et al.] _gtrad. Janice Lapeyre... [et al.] |
|
| 210 | 9 |
_a[S.L.] _cE. Bosh, _dD.L. 2013 |
|
| 215 |
_a334 p. _d24 cm |
||
| 675 |
_a37.014(042) _vBN _zpor |
||
| 675 |
_a316.72/.74(042) _vBN _zpor |
||
| 675 |
_a711.4(042) _vBN _zpor |
||
| 675 |
_a061.3 _vBN _zpor |
||
| 702 | 1 |
_aLapeyre, _bJanice _4730 |
|
| 702 | 1 |
_aBosh, _bEulália, _f1949- _4340 |
|
| 710 |
_bCongresso da Associação Internacional das Cidades Educadoras _d10.º |
||
| 801 | 0 |
_aPT _bBN _gRPC |
|
| 856 | 4 | 1 | _uhttp://rnod.bnportugal.gov.pt/ImagesBN/winlibimg.aspx?skey=&doc=1842419&img=31130&save=true |
| 990 | _cLIVROS | ||